000
00282nam a2200121Ia 4500
008
190216s9999||||xx |||||||||||||| ||und||
100
_a
Ambasht R S
245
0
_a
Text Book Of Plant Ecology
260
_b
Student Friends &co
_c
1969
300
_a
212p
650
_a
Botany
942
_c
BK
999
_c
1195
_d
1195